|
|
|
|
| LEADER |
01059nam a2200301 i 4500 |
| 001 |
38698 |
| 003 |
BD-DhAAL |
| 008 |
220526t2021 mau 001 0 eng d |
| 999 |
|
|
|c 44223
|d 44223
|
| 010 |
|
|
|a 2019941003
|
| 020 |
|
|
|a 9780357038314
|
| 020 |
|
|
|a 9780357133705
|
| 040 |
|
|
|a DLC
|b eng
|e rda
|c DLC
|d BD-DhAAL
|
| 042 |
|
|
|a pcc
|
| 050 |
0 |
0 |
|a HB171.5
|b .M264 2021
|
| 082 |
|
|
|a 330
|2 23
|
| 100 |
1 |
|
|a Mankiw, N. Gregory,
|e author.
|9 48804
|
| 245 |
1 |
0 |
|a Principles of economics /
|c N. Gregory Mankiw.
|
| 250 |
|
|
|a Ninth edition.
|
| 264 |
|
1 |
|a Boston, MA :
|b Cengage Learning, Inc.,
|c c2021.
|
| 300 |
|
|
|a xxxi, 816 pages ;
|c 27 cm.
|
| 500 |
|
|
|a Includes index.
|
| 541 |
|
|
|a Development Book Agency
|e 38698
|
| 650 |
|
0 |
|a Economics.
|9 48805
|
| 650 |
|
0 |
|a Economics
|v Textbooks.
|9 48806
|
| 852 |
|
|
|a Ayesha Abed Library
|c General Stacks
|
| 942 |
|
|
|2 ddc
|c BK
|
| 952 |
|
|
|0 0
|1 0
|2 ddc
|4 0
|6 330_000000000000000_MAN
|7 0
|9 70678
|a BRACUL
|b BRACUL
|c GEN
|d 2022-05-22
|e Development Book Agency
|g 16500.00
|l 13
|m 115
|o 330 MAN
|p 3010038698
|r 2026-02-01
|s 2025-12-02
|t 1
|v 16500.00
|w 2022-05-22
|y BK
|